Catálogo
 En Linea

El perfil del votante dominicano de cara a las elecciones generales 2020 / (Registro nro. 49408)

Detalles MARC
000 -CABECERA
campo de control de longitud fija 01119nam a22002777a 4500
003 - IDENTIFICADOR DEL NÚMERO DE CONTROL
campo de control OSt
005 - FECHA Y HORA DE LA ÚLTIMA TRANSACCIÓN
campo de control 20260527074042.0
008 - DATOS DE LONGITUD FIJA--INFORMACIÓN GENERAL
campo de control de longitud fija 20198b ||||| |||| 00| 0 spa d
020 ## - NÚMERO INTERNACIONAL ESTÁNDAR DEL LIBRO
Número Internacional Estándar del Libro 9789945590951
040 ## - FUENTE DE LA CATALOGACIÓN
Centro catalogador/agencia de origen DO-SdBNP
Lengua de catalogación spa
Centro/agencia transcriptor BNPHU
082 ## - NÚMERO DE LA CLASIFICACIÓN DECIMAL DEWEY
Número de clasificación 324.97293
Número de documento/Ítem R893p
100 10 - ENTRADA PRINCIPAL--NOMBRE DE PERSONA
Nombre de persona Rozòn, Vladimir
9 (RLIN) 75833
245 10 - MENCIÓN DE TÍTULO
Título El perfil del votante dominicano de cara a las elecciones generales 2020 /
Mención de responsabilidad, etc. Vladimir Rozò, Jean Luis Sano Santana, Josè Luis Beltrè Polanco
260 ## - PUBLICACIÓN, DISTRIBUCIÓN, ETC.
Lugar de publicación, distribución, etc. Santo Domingo :
Nombre del editor, distribuidor, etc. Fundaciòn Global Democracia y Desarrollo (FUNGLODE),
Fecha de publicación, distribución, etc. 2019
300 ## - DESCRIPCIÓN FÍSICA
Extensión 53 p.;
Dimensiones 24 cm
490 ## - MENCIÓN DE SERIE
Mención de serie Cuadernos del Observatorio Polìtico Dominicano ;
Designación de volumen o secuencia Partidos Plìticos
590 ## - NOTA LOCAL (RLIN)
Nota local Inventariado, 2021 / DG
650 #0 - PUNTO DE ACCESO ADICIONAL DE MATERIA--TÉRMINO DE MATERIA
Término de materia o nombre geográfico como elemento de entrada Partidos políticos
Subdivisión geográfica República Dominicana
9 (RLIN) 285
650 ## - PUNTO DE ACCESO ADICIONAL DE MATERIA--TÉRMINO DE MATERIA
Término de materia o nombre geográfico como elemento de entrada Voto
Subdivisión geográfica Repùblica Dominicana
9 (RLIN) 51897
650 ## - PUNTO DE ACCESO ADICIONAL DE MATERIA--TÉRMINO DE MATERIA
Término de materia o nombre geográfico como elemento de entrada Sufragio
Subdivisión geográfica Repùblica Dominicana
9 (RLIN) 77844
700 ## - PUNTO DE ACCESO ADICIONAL--NOMBRE DE PERSONA
Nombre de persona Sano Santana, Jean Luis
9 (RLIN) 77845
700 ## - PUNTO DE ACCESO ADICIONAL--NOMBRE DE PERSONA
Nombre de persona Beltrè Polanco, Josè Luis
9 (RLIN) 77846
830 ## - PUNTO DE ACCESO ADICIONAL DE SERIE-TÍTULO UNIFORME
Número de parte o sección de la obra Observatorio Polìtico Dominicano ; serie Partidos Polìticos
9 (RLIN) 77847
910 ## - DATOS DE OPCIÓN DEL USUARIO (OCLC)
Datos de opción del usuario Inventariado, 2021 / DG
942 ## - ELEMENTOS DE PUNTO DE ACCESO ADICIONAL (KOHA)
Fuente del sistema de clasificación o colocación Dewey Decimal Classification
Tipo de ítem Koha Libro
Existencias
Estado de retiro Estado de pérdida Fuente del sistema de clasificación o colocación No para préstamo Código de colección Localización permanente Ubicación/localización actual Ubicación en estantería Fuente de adquisición Total de préstamos Signatura topográfica completa Código de barras Fecha visto por última vez Precio válido a partir de Tipo de ítem Koha Número de copia Restricciones de uso Fecha de adquisición
    Dewey Decimal Classification   Monografías: Libros y Folletos Biblioteca Nacional Pedro Henríquez Ureña Biblioteca Nacional Pedro Henríquez Ureña En catalogación Deposito Legal   324.97293 R893p 2021-0287 18.02.2021 18.02.2021 Libro      
    Dewey Decimal Classification Préstamo restrigido Monografías: Libros y Folletos Biblioteca Nacional Pedro Henríquez Ureña Biblioteca Nacional Pedro Henríquez Ureña En catalogación Deposito Legal   324.97293 R893p 2021-0288 18.02.2021 18.02.2021 Libro e. 2    
    Dewey Decimal Classification   Dominicana de Servicio Biblioteca Nacional Pedro Henríquez Ureña Biblioteca Nacional Pedro Henríquez Ureña En catalogación     BNPHU DS 324.97293 R893p 2023-5606 04.09.2023 04.09.2023 Libro e.3 Préstamo en sala 04.09.2023

Con tecnología Koha